Novels By Characters Quiz Stats

 Plays Quiz not verified by Sporcle

Challenge
Share
Tweet
Embed
Score 0/15 Timer 06:00
0 Plays Today
Characters Novel % Correct
Elizabeth BennettPride and Prejudice
88.8%
Tom BuchananThe Great Gatsby
88.2%
Arthur DimmesdaleThe Scarlet Letter
75%
Guy MontagFahrenheit 451
69.7%
Humbert HumbertLolita
65.1%
Buck MulliganUlysses
61.2%
Alex DeLargeA Clockwork Orange
56.6%
Quentin Compson III The Sound and the Fury
49.3%
Characters Novel % Correct
Jake BarnesThe Sun Also Rises
41.4%
JonasThe Giver
40.8%
Raoul DukeFear and Loathing in Las Vegas
36.8%
Stuart RedmanThe Stand
25%
Sakamoto ChiyoMemoirs of a Geisha
23.7%
Henry MillerTropic of Cancer
23.7%
Trapper McIntyreM*A*S*H: A Novel About Three Army Doctors
2%

You're not logged in!

Compare scores with friends on all Sporcle quizzes.
Join for Free
OR
Log In

You Might Also Like...

Show Comments

Extras

Top Quizzes Today


Score Distribution

Your Account Isn't Verified!

In order to create a playlist on Sporcle, you need to verify the email address you used during registration. Go to your Sporcle Settings to finish the process.

Report this User

Report this user for behavior that violates our Community Guidelines.

Details: